Medical-surgical nursing: (Record no. 158211)

MARC details
000 -LEADER
fixed length control field 00848nam a22002417a 4500
005 - DATE AND TIME OF LATEST TRANSACTION
control field 20181024102408.0
010 ## - LCCN (DPL NO)
LC control number ENG-124344
020 ## - INTERNATIONAL STANDARD BOOK NUMBER
International Standard Book Number 9789353062026
Terms of availability 1999.00
035 ## - SYSTEM CONTROL NUMBER
System control number EN-107876
037 ## - SOURCE OF ACQUISITION
Source of stock number/acquisition DBAD/PUB
082 ## - DEWEY DECIMAL CLASSIFICATION NUMBER
Classification number 617.0231
100 ## - MAIN ENTRY--PERSONAL NAME
Personal name LeMone, T Priscilla
245 ## - TITLE STATEMENT
Title Medical-surgical nursing:
Statement of responsibility, etc by T Priscilla LeMone; Karen M. Burke; Gerene Bauldoff [and] Paula Gubrud
Remainder of title clinical reasoning in patient care /
250 ## - EDITION STATEMENT
Edition statement 6th ed.
260 ## - PUBLICATION, DISTRIBUTION, ETC. (IMPRINT)
Place of publication, distribution, etc Noida
Name of publisher, distributor, etc Pearson
Date of publication, distribution, etc 2018
270 ## - ADDRESS
Address 15th Floor, Tower B, Worls Trade Tower, Plot No.1, Block -C
City Noida (UP)
Postal code 201301
300 ## - PHYSICAL DESCRIPTION
Extent xxxviii,1859p.
Dimensions 28cm.(pbk)
Other physical details ill.
500 ## - GENERAL NOTE
General note It includes appendix A to C, glossary and index
700 ## - ADDED ENTRY--PERSONAL NAME
Personal name Burke, Karen M.
700 ## - ADDED ENTRY--PERSONAL NAME
Personal name Bauldoff, Gerene
700 ## - ADDED ENTRY--PERSONAL NAME
Personal name Gubrud, Paula
942 ## - ADDED ENTRY ELEMENTS (KOHA)
Source of classification or shelving scheme Dewey Decimal Classification
Item type English Books
Classification part 617.0231
Call number suffix LEM
Holdings
Withdrawn status Lost status Not for loan Collection code Home library Current library Date acquired Source of acquisition Cost, normal purchase price Full call number Barcode Copy number Cost, replacement price Koha item type
    Not For Loan Non-fiction D.B.Act.Division Bawana 24/10/2018 DBAD/PUB 1999.00 617.0231 LEM EN-107876 1 1999.00 English Books

© Delhi Public Library
Hit Counter
free hit counter